Statistics for 2018 FIFA World Cup Results

Click here to take the quiz!

General Stats

  • This quiz has been taken 653 times
    (586 since last reset)
  • The average score is 27 of 32

Answer Stats

Nation % Correct
France
98%
Russia
96%
England
96%
Argentina
95%
Belgium
94%
Spain
94%
Croatia
94%
Portugal
94%
Brazil
93%
Japan
92%
South Korea
92%
Germany
92%
Sweden
91%
Uruguay
90%
Colombia
89%
Mexico
88%
Egypt
87%
Australia
86%
Iran
82%
Nigeria
82%
Poland
78%
Iceland
78%
Denmark
77%
Panama
77%
Switzerland
76%
Morocco
76%
Peru
76%
Saudi Arabia
75%
Costa Rica
70%
Senegal
70%
Tunisia
70%
Serbia
69%

Score Distribution

Percentile by Number Answered

Percent of People with Each Score

Your Score History

You have not taken this quiz since the last reset